000 00424pab a2200157 454500
008 180718b2003 xxu||||| |||| 00| 0 eng d
100 _aJain, Rekha
245 _aEnergy planning for Indian urban areas in the context of renewable energy technologies
260 _c2003
300 _ap.51-56.
362 _aJul
650 _aEnergy resources - India
650 _aEnergy resources
773 _aShelter
909 _a58529
999 _c58529
_d58529